<?xml version="1.0" encoding="UTF-8"?>
<record
    xmlns:xsi="http://www.w3.org/2001/XMLSchema-instance"
    xsi:schemaLocation="http://www.loc.gov/MARC21/slim http://www.loc.gov/standards/marcxml/schema/MARC21slim.xsd"
    xmlns="http://www.loc.gov/MARC21/slim">

  <leader>01861nam a2200337 a 4500</leader>
  <controlfield tag="001">0000428</controlfield>
  <controlfield tag="003">DO-SdBNP</controlfield>
  <controlfield tag="005">20240829112154.0</controlfield>
  <controlfield tag="007">0000428</controlfield>
  <controlfield tag="008">091125s2011  sp a    000 0 spa d</controlfield>
  <datafield tag="020" ind1=" " ind2=" ">
    <subfield code="a">9789972209338</subfield>
  </datafield>
  <datafield tag="040" ind1=" " ind2=" ">
    <subfield code="a">BPMSU</subfield>
    <subfield code="b">spa</subfield>
    <subfield code="c">BPMSU</subfield>
  </datafield>
  <datafield tag="082" ind1=" " ind2="4">
    <subfield code="a">372.5</subfield>
    <subfield code="b">J93f 2011</subfield>
    <subfield code="2">22</subfield>
  </datafield>
  <datafield tag="245" ind1="1" ind2="0">
    <subfield code="a"> Jugando con el Fomi /</subfield>
    <subfield code="c"> direcci&#xF3;n editorial, Diana E. Oliveros</subfield>
  </datafield>
  <datafield tag="260" ind1=" " ind2=" ">
    <subfield code="a">Barcelona :</subfield>
    <subfield code="b">Lexus Ediores,</subfield>
    <subfield code="c">2011</subfield>
  </datafield>
  <datafield tag="300" ind1=" " ind2=" ">
    <subfield code="a">200 p. :</subfield>
    <subfield code="b">il. ;</subfield>
    <subfield code="c">29 cm. </subfield>
  </datafield>
  <datafield tag="520" ind1=" " ind2=" ">
    <subfield code="a">Esta obra ofrece muchas ideas y trucos para desarrollar al m&#xE1;ximo la imaginaci&#xF3;n. P&#xE1;ginas con t&#xE9;cnicas que ser&#xE1;n de gran ayuda al elaborar tus manualidades. Y novedosos dise&#xF1;os infantiles para toda ocasi&#xF3;n, todo apoyado por bellas ilustraciones y fotograf&#xED;as que detallan paso a paso la creaci&#xF3;n de los trabajos. Incluye tambi&#xE9;n las fotograf&#xED;as de los materiales que se han de usar para cada proyecto. Descubre de la manera m&#xE1;s divertida las diversas manualidades que puedes realizar con este material. Una obra que te ense&#xF1;ar&#xE1; a elaborar bellos dise&#xF1;os con numerosas propuestas para toda ocasi&#xF3;n, acompa&#xF1;adas de explicaciones claras y sencillas. &#xBF;Sab&#xED;as cuantos cosas puedes hacer con el Fomi?. Ideal para maestros y familias que se interesen en la creatividad con fomi.</subfield>
  </datafield>
  <datafield tag="590" ind1=" " ind2=" ">
    <subfield code="a">Inventariado, 2024/VM</subfield>
  </datafield>
  <datafield tag="650" ind1=" " ind2="4">
    <subfield code="a"> Educaci&#xF3;n Primaria </subfield>
  </datafield>
  <datafield tag="650" ind1=" " ind2="4">
    <subfield code="a">Trabajos manuales (Educaci&#xF3;n)</subfield>
  </datafield>
  <datafield tag="650" ind1=" " ind2="4">
    <subfield code="a">Ense&#xF1;anza-Aprendizaje </subfield>
  </datafield>
  <datafield tag="700" ind1="1" ind2=" ">
    <subfield code="a">Oliveros, Diana E. </subfield>
    <subfield code="e">direcci&#xF3;n editorial </subfield>
  </datafield>
  <datafield tag="700" ind1="1" ind2=" ">
    <subfield code="a">&#xC1;vila Arevalo, Lyda</subfield>
    <subfield code="e">ilustraciones </subfield>
  </datafield>
  <datafield tag="700" ind1="1" ind2=" ">
    <subfield code="a">Buitrago, Alberto</subfield>
    <subfield code="e">ilustraciones </subfield>
  </datafield>
  <datafield tag="700" ind1="1" ind2=" ">
    <subfield code="a">L&#xF3;pez, Ana Mar&#xED;a</subfield>
    <subfield code="e">ilustraciones </subfield>
  </datafield>
  <datafield tag="700" ind1="1" ind2=" ">
    <subfield code="a">Rodr&#xED;guez, Andr&#xE9;s</subfield>
    <subfield code="e">ilustraciones </subfield>
  </datafield>
  <datafield tag="700" ind1="1" ind2=" ">
    <subfield code="a">Guzm&#xE1;n, Enriquez</subfield>
    <subfield code="e">fotograf&#xED;a </subfield>
  </datafield>
  <datafield tag="710" ind1="2" ind2=" ">
    <subfield code="a">Continente Editories </subfield>
  </datafield>
  <datafield tag="910" ind1=" " ind2=" ">
    <subfield code="a"> VMateo V. Control de calidad. BPMSU</subfield>
  </datafield>
  <datafield tag="942" ind1=" " ind2=" ">
    <subfield code="2">ddc</subfield>
    <subfield code="c">BK</subfield>
  </datafield>
  <datafield tag="952" ind1=" " ind2=" ">
    <subfield code="0">0</subfield>
    <subfield code="1">0</subfield>
    <subfield code="2">ddc</subfield>
    <subfield code="4">0</subfield>
    <subfield code="7">0</subfield>
    <subfield code="8">CI-G</subfield>
    <subfield code="a">BPMET</subfield>
    <subfield code="b">BPMET</subfield>
    <subfield code="d">2024-08-29</subfield>
    <subfield code="l">0</subfield>
    <subfield code="o">BPMSU CGI 372.5 J93f 2011</subfield>
    <subfield code="p">BPMSU24080051</subfield>
    <subfield code="r">2024-08-29</subfield>
    <subfield code="w">2024-08-29</subfield>
    <subfield code="y">BK</subfield>
  </datafield>
  <datafield tag="952" ind1=" " ind2=" ">
    <subfield code="0">0</subfield>
    <subfield code="1">0</subfield>
    <subfield code="2">ddc</subfield>
    <subfield code="4">0</subfield>
    <subfield code="7">0</subfield>
    <subfield code="8">CI-G</subfield>
    <subfield code="a">BPMET</subfield>
    <subfield code="b">BPMET</subfield>
    <subfield code="d">2024-08-29</subfield>
    <subfield code="l">0</subfield>
    <subfield code="o">BPMSU CGI 372.5 J93f 2011</subfield>
    <subfield code="p">BPMSU24080052</subfield>
    <subfield code="r">2024-08-29</subfield>
    <subfield code="t">e.2</subfield>
    <subfield code="w">2024-08-29</subfield>
    <subfield code="y">BK</subfield>
  </datafield>
  <datafield tag="952" ind1=" " ind2=" ">
    <subfield code="0">0</subfield>
    <subfield code="1">0</subfield>
    <subfield code="2">ddc</subfield>
    <subfield code="4">0</subfield>
    <subfield code="7">0</subfield>
    <subfield code="8">CI-G</subfield>
    <subfield code="a">BPMET</subfield>
    <subfield code="b">BPMET</subfield>
    <subfield code="d">2024-08-29</subfield>
    <subfield code="l">0</subfield>
    <subfield code="o">BPMSU CGI 372.5 J93f 2011</subfield>
    <subfield code="p">BPMSU24080053</subfield>
    <subfield code="r">2024-08-29</subfield>
    <subfield code="t">e.3</subfield>
    <subfield code="w">2024-08-29</subfield>
    <subfield code="y">BK</subfield>
  </datafield>
  <datafield tag="999" ind1=" " ind2=" ">
    <subfield code="c">14790</subfield>
    <subfield code="d">14790</subfield>
  </datafield>
</record>
